<?xml version="1.0" encoding="UTF-8"?>
<record
    xmlns:xsi="http://www.w3.org/2001/XMLSchema-instance"
    xsi:schemaLocation="http://www.loc.gov/MARC21/slim http://www.loc.gov/standards/marcxml/schema/MARC21slim.xsd"
    xmlns="http://www.loc.gov/MARC21/slim">

  <leader>00606nam a22002177r 4500</leader>
  <controlfield tag="003">3228</controlfield>
  <controlfield tag="005">20260604124407.0</controlfield>
  <controlfield tag="008">251217b        sa ||||| |||| 00| 1 AFR d</controlfield>
  <datafield tag="020" ind1=" " ind2=" ">
    <subfield code="a">9781776352876 (paperback)</subfield>
  </datafield>
  <datafield tag="040" ind1=" " ind2=" ">
    <subfield code="a">MPL</subfield>
    <subfield code="c">3228</subfield>
    <subfield code="b">eng</subfield>
    <subfield code="e">rda</subfield>
  </datafield>
  <datafield tag="041" ind1=" " ind2=" ">
    <subfield code="2">A</subfield>
    <subfield code="a">Afrikaans</subfield>
  </datafield>
  <datafield tag="082" ind1=" " ind2="0">
    <subfield code="a">AF BOTH</subfield>
  </datafield>
  <datafield tag="100" ind1=" " ind2=" ">
    <subfield code="a">Botha, Dina</subfield>
    <subfield code="9">147902</subfield>
    <subfield code="e">author</subfield>
  </datafield>
  <datafield tag="245" ind1=" " ind2=" ">
    <subfield code="a"> Dis effens gekompliseerd /</subfield>
    <subfield code="c">Dina Botha</subfield>
  </datafield>
  <datafield tag="260" ind1=" " ind2=" ">
    <subfield code="a">Midrand : </subfield>
    <subfield code="b">Romanza , </subfield>
    <subfield code="c">&#xA9;2022,</subfield>
    <subfield code="c">2022.</subfield>
  </datafield>
  <datafield tag="300" ind1=" " ind2=" ">
    <subfield code="a"> 189 pages :</subfield>
    <subfield code="c">17 cm</subfield>
  </datafield>
  <datafield tag="490" ind1=" " ind2=" ">
    <subfield code="a">Romanza</subfield>
  </datafield>
  <datafield tag="655" ind1=" " ind2="0">
    <subfield code="9">189056</subfield>
    <subfield code="a">Afrikaans Fiction</subfield>
  </datafield>
  <datafield tag="655" ind1=" " ind2="0">
    <subfield code="9">188216</subfield>
    <subfield code="a">Light Romance</subfield>
  </datafield>
  <datafield tag="942" ind1=" " ind2=" ">
    <subfield code="2">ddc</subfield>
    <subfield code="c">BK</subfield>
    <subfield code="y">296</subfield>
    <subfield code="z">Phillipina Naude</subfield>
  </datafield>
  <datafield tag="999" ind1=" " ind2=" ">
    <subfield code="c">790817</subfield>
    <subfield code="d">790816</subfield>
  </datafield>
  <datafield tag="952" ind1=" " ind2=" ">
    <subfield code="0">0</subfield>
    <subfield code="1">0</subfield>
    <subfield code="2">ddc</subfield>
    <subfield code="4">0</subfield>
    <subfield code="7">0</subfield>
    <subfield code="8">F</subfield>
    <subfield code="a">STANL</subfield>
    <subfield code="b">STANL</subfield>
    <subfield code="c">FIC</subfield>
    <subfield code="d">2025-12-17</subfield>
    <subfield code="g">256.00</subfield>
    <subfield code="l">0</subfield>
    <subfield code="o">AF BOTH</subfield>
    <subfield code="p">33228031154191</subfield>
    <subfield code="r">2025-12-17</subfield>
    <subfield code="v">256.00</subfield>
    <subfield code="w">2025-12-17</subfield>
    <subfield code="y">BOOK</subfield>
  </datafield>
  <datafield tag="952" ind1=" " ind2=" ">
    <subfield code="0">0</subfield>
    <subfield code="1">0</subfield>
    <subfield code="2">ddc</subfield>
    <subfield code="4">0</subfield>
    <subfield code="7">0</subfield>
    <subfield code="8">F</subfield>
    <subfield code="a">STANRL</subfield>
    <subfield code="b">TRICL</subfield>
    <subfield code="c">FIC</subfield>
    <subfield code="d">2026-03-02</subfield>
    <subfield code="l">0</subfield>
    <subfield code="o">AF BOTH</subfield>
    <subfield code="p">3322803187623</subfield>
    <subfield code="r">2026-03-02</subfield>
    <subfield code="w">2026-03-02</subfield>
    <subfield code="y">BOOK</subfield>
  </datafield>
  <datafield tag="952" ind1=" " ind2=" ">
    <subfield code="0">0</subfield>
    <subfield code="1">0</subfield>
    <subfield code="2">ddc</subfield>
    <subfield code="4">0</subfield>
    <subfield code="7">0</subfield>
    <subfield code="8">F</subfield>
    <subfield code="a">STANRL</subfield>
    <subfield code="b">VOLKL</subfield>
    <subfield code="c">FIC</subfield>
    <subfield code="d">2026-03-02</subfield>
    <subfield code="l">0</subfield>
    <subfield code="o">AF BOTH</subfield>
    <subfield code="p">3322803187631</subfield>
    <subfield code="r">2026-03-02</subfield>
    <subfield code="w">2026-03-02</subfield>
    <subfield code="y">BOOK</subfield>
  </datafield>
  <datafield tag="952" ind1=" " ind2=" ">
    <subfield code="0">0</subfield>
    <subfield code="1">0</subfield>
    <subfield code="2">ddc</subfield>
    <subfield code="4">0</subfield>
    <subfield code="7">0</subfield>
    <subfield code="8">F</subfield>
    <subfield code="a">STANRL</subfield>
    <subfield code="b">AMERL</subfield>
    <subfield code="c">FIC</subfield>
    <subfield code="d">2026-03-02</subfield>
    <subfield code="o">AF BOTH</subfield>
    <subfield code="p">3322803187633</subfield>
    <subfield code="r">2026-03-02</subfield>
    <subfield code="w">2026-03-02</subfield>
    <subfield code="y">BOOK</subfield>
  </datafield>
  <datafield tag="952" ind1=" " ind2=" ">
    <subfield code="0">0</subfield>
    <subfield code="1">0</subfield>
    <subfield code="2">ddc</subfield>
    <subfield code="4">0</subfield>
    <subfield code="7">0</subfield>
    <subfield code="8">F</subfield>
    <subfield code="a">STANRL</subfield>
    <subfield code="b">BALFL</subfield>
    <subfield code="c">FIC</subfield>
    <subfield code="d">2026-03-02</subfield>
    <subfield code="l">0</subfield>
    <subfield code="o">AF BOTH</subfield>
    <subfield code="p">3322803187624</subfield>
    <subfield code="r">2026-03-02</subfield>
    <subfield code="w">2026-03-02</subfield>
    <subfield code="y">BOOK</subfield>
  </datafield>
  <datafield tag="952" ind1=" " ind2=" ">
    <subfield code="0">0</subfield>
    <subfield code="1">0</subfield>
    <subfield code="2">ddc</subfield>
    <subfield code="4">0</subfield>
    <subfield code="7">0</subfield>
    <subfield code="8">F</subfield>
    <subfield code="a">STANRL</subfield>
    <subfield code="b">BETHL</subfield>
    <subfield code="c">FIC</subfield>
    <subfield code="d">2026-03-02</subfield>
    <subfield code="l">0</subfield>
    <subfield code="o">AF BOTH</subfield>
    <subfield code="p">3322803187626</subfield>
    <subfield code="r">2026-03-02</subfield>
    <subfield code="w">2026-03-02</subfield>
    <subfield code="y">BOOK</subfield>
  </datafield>
  <datafield tag="952" ind1=" " ind2=" ">
    <subfield code="0">0</subfield>
    <subfield code="1">0</subfield>
    <subfield code="2">ddc</subfield>
    <subfield code="4">0</subfield>
    <subfield code="7">0</subfield>
    <subfield code="8">F</subfield>
    <subfield code="a">STANRL</subfield>
    <subfield code="b">EVANL</subfield>
    <subfield code="c">FIC</subfield>
    <subfield code="d">2026-03-02</subfield>
    <subfield code="l">0</subfield>
    <subfield code="o">AF BOTH</subfield>
    <subfield code="p">3322803187635</subfield>
    <subfield code="r">2026-03-02</subfield>
    <subfield code="w">2026-03-02</subfield>
    <subfield code="y">BOOK</subfield>
  </datafield>
  <datafield tag="952" ind1=" " ind2=" ">
    <subfield code="0">0</subfield>
    <subfield code="1">0</subfield>
    <subfield code="2">ddc</subfield>
    <subfield code="4">0</subfield>
    <subfield code="7">0</subfield>
    <subfield code="8">F</subfield>
    <subfield code="a">STANRL</subfield>
    <subfield code="b">GROOL</subfield>
    <subfield code="c">FIC</subfield>
    <subfield code="d">2026-03-02</subfield>
    <subfield code="l">0</subfield>
    <subfield code="o">AF BOTH</subfield>
    <subfield code="p">3322803187625</subfield>
    <subfield code="r">2026-03-02</subfield>
    <subfield code="w">2026-03-02</subfield>
    <subfield code="y">BOOK</subfield>
  </datafield>
  <datafield tag="952" ind1=" " ind2=" ">
    <subfield code="0">0</subfield>
    <subfield code="1">0</subfield>
    <subfield code="2">ddc</subfield>
    <subfield code="4">0</subfield>
    <subfield code="7">0</subfield>
    <subfield code="8">F</subfield>
    <subfield code="a">STANRL</subfield>
    <subfield code="b">MILAL</subfield>
    <subfield code="c">FIC</subfield>
    <subfield code="d">2026-03-02</subfield>
    <subfield code="l">0</subfield>
    <subfield code="o">AF BOTH</subfield>
    <subfield code="p">3322803187634</subfield>
    <subfield code="r">2026-03-02</subfield>
    <subfield code="w">2026-03-02</subfield>
    <subfield code="y">BOOK</subfield>
  </datafield>
  <datafield tag="952" ind1=" " ind2=" ">
    <subfield code="0">0</subfield>
    <subfield code="1">0</subfield>
    <subfield code="2">ddc</subfield>
    <subfield code="4">0</subfield>
    <subfield code="7">0</subfield>
    <subfield code="8">F</subfield>
    <subfield code="a">STANRL</subfield>
    <subfield code="b">VOLKL</subfield>
    <subfield code="c">FIC</subfield>
    <subfield code="d">2026-04-28</subfield>
    <subfield code="g">256.00</subfield>
    <subfield code="l">0</subfield>
    <subfield code="o">AF BOTH</subfield>
    <subfield code="p">3322803187738</subfield>
    <subfield code="r">2026-04-28</subfield>
    <subfield code="w">2026-04-28</subfield>
    <subfield code="y">BOOK</subfield>
  </datafield>
  <datafield tag="952" ind1=" " ind2=" ">
    <subfield code="0">0</subfield>
    <subfield code="1">0</subfield>
    <subfield code="2">ddc</subfield>
    <subfield code="4">0</subfield>
    <subfield code="7">0</subfield>
    <subfield code="8">F</subfield>
    <subfield code="a">STANRL</subfield>
    <subfield code="b">KINRL</subfield>
    <subfield code="c">FIC</subfield>
    <subfield code="d">2026-04-28</subfield>
    <subfield code="g">256.00</subfield>
    <subfield code="l">0</subfield>
    <subfield code="o">AF BOTH</subfield>
    <subfield code="p">3322803187726</subfield>
    <subfield code="r">2026-04-28</subfield>
    <subfield code="w">2026-04-28</subfield>
    <subfield code="y">BOOK</subfield>
  </datafield>
  <datafield tag="952" ind1=" " ind2=" ">
    <subfield code="0">0</subfield>
    <subfield code="1">0</subfield>
    <subfield code="2">ddc</subfield>
    <subfield code="4">0</subfield>
    <subfield code="7">0</subfield>
    <subfield code="8">F</subfield>
    <subfield code="a">STANRL</subfield>
    <subfield code="b">BALFL</subfield>
    <subfield code="c">FIC</subfield>
    <subfield code="d">2026-04-28</subfield>
    <subfield code="g">256.00</subfield>
    <subfield code="l">0</subfield>
    <subfield code="o">AF BOTH</subfield>
    <subfield code="p">3322803187725</subfield>
    <subfield code="r">2026-04-28</subfield>
    <subfield code="w">2026-04-28</subfield>
    <subfield code="y">BOOK</subfield>
  </datafield>
  <datafield tag="952" ind1=" " ind2=" ">
    <subfield code="0">0</subfield>
    <subfield code="1">0</subfield>
    <subfield code="2">ddc</subfield>
    <subfield code="4">0</subfield>
    <subfield code="7">0</subfield>
    <subfield code="8">F</subfield>
    <subfield code="a">STANRL</subfield>
    <subfield code="b">AMERL</subfield>
    <subfield code="c">FIC</subfield>
    <subfield code="d">2026-04-28</subfield>
    <subfield code="g">256.00</subfield>
    <subfield code="l">0</subfield>
    <subfield code="o">AF BOTH</subfield>
    <subfield code="p">3322803187737</subfield>
    <subfield code="r">2026-04-28</subfield>
    <subfield code="w">2026-04-28</subfield>
    <subfield code="y">BOOK</subfield>
  </datafield>
  <datafield tag="952" ind1=" " ind2=" ">
    <subfield code="0">0</subfield>
    <subfield code="1">0</subfield>
    <subfield code="2">ddc</subfield>
    <subfield code="4">0</subfield>
    <subfield code="7">0</subfield>
    <subfield code="8">F</subfield>
    <subfield code="a">STANRL</subfield>
    <subfield code="b">PERDL</subfield>
    <subfield code="c">FIC</subfield>
    <subfield code="d">2026-04-28</subfield>
    <subfield code="g">256.00</subfield>
    <subfield code="l">0</subfield>
    <subfield code="o">AF BOTH</subfield>
    <subfield code="p">3322803187736</subfield>
    <subfield code="r">2026-04-28</subfield>
    <subfield code="w">2026-04-28</subfield>
    <subfield code="y">BOOK</subfield>
  </datafield>
  <datafield tag="952" ind1=" " ind2=" ">
    <subfield code="0">0</subfield>
    <subfield code="1">0</subfield>
    <subfield code="2">ddc</subfield>
    <subfield code="4">0</subfield>
    <subfield code="7">0</subfield>
    <subfield code="8">F</subfield>
    <subfield code="a">EMALL</subfield>
    <subfield code="b">EMALL</subfield>
    <subfield code="c">FIC</subfield>
    <subfield code="d">2026-06-04</subfield>
    <subfield code="l">0</subfield>
    <subfield code="o">AF BOTH</subfield>
    <subfield code="p">3228200028292</subfield>
    <subfield code="r">2026-06-04</subfield>
    <subfield code="w">2026-06-04</subfield>
    <subfield code="y">BK</subfield>
    <subfield code="z">790817</subfield>
  </datafield>
  <datafield tag="952" ind1=" " ind2=" ">
    <subfield code="0">0</subfield>
    <subfield code="1">0</subfield>
    <subfield code="2">ddc</subfield>
    <subfield code="4">0</subfield>
    <subfield code="7">0</subfield>
    <subfield code="8">F</subfield>
    <subfield code="a">OGIEL</subfield>
    <subfield code="b">OGIEL</subfield>
    <subfield code="c">FIC</subfield>
    <subfield code="d">2026-06-25</subfield>
    <subfield code="l">0</subfield>
    <subfield code="o">AF BOTH</subfield>
    <subfield code="p">3228200028029</subfield>
    <subfield code="r">2026-06-25</subfield>
    <subfield code="w">2026-06-25</subfield>
    <subfield code="y">BK</subfield>
    <subfield code="z">790817/A</subfield>
  </datafield>
</record>
